000 00549nam a2200193Ia 4500
005 20260415160356.0
008 008 250505s9999 xx 000 0 eng d
037 _aTextual
040 _aFEDL
_beng
_cFEDL
041 _aeng
_2eng
084 _a301 MUN
_qFEDL
100 _aMuntsch Albert
_9755939
245 0 _aIntroductory sociology
260 _aBoston, USA
_bD C Heath and Company
_c1928
300 _axiv,466p
700 _a Spalding Henry S.
_9756129
942 _cTEXL
_h301 MUN
999 _c1322219
_d1322219